Vermont Counties - Sudden Death - Statistics

General Stats
  • This quiz has been taken 15 times
  • The average score is 7 of 14
Answers on the Grid
Answers color-coded by a green-red scale on the quiz's grid according to % correct below.
Acadia
Addison
Baldwin
Bennington
Burlington
Caledonia
Champaign
Chittenden
Cumberland
Decatur
Eaton
Essex
Fayette
Franklin
Frederick
Grafton
Grand Isle
Hampshire
Hillsborough
Iroquois
Lamoille
Marinette
Nelson
Orange
Orleans
Rockingham
Rutland
Sullivan
Tioga
Washington
Windham
Windsor
 
Answer Stats
Answer % Correct
Addison
78%
Orange
67%
Rutland
67%
Windsor
67%
Caledonia
56%
Chittenden
56%
Washington
56%
Windham
56%
Bennington
44%
Essex
44%
Franklin
44%
Lamoille
44%
Grand Isle
33%
Orleans
33%
No matching quizzes found
Score Distribution
Percent of People with Each Score
Percentile by Number Answered
Your Score History
You have not taken this quiz